| 000 | 00659nam a22002057a 4500 | ||
|---|---|---|---|
| 999 |
_c3305 _d3305 |
||
| 003 | OSt | ||
| 005 | 20181108134150.0 | ||
| 008 | 181108b ||||| |||| 00| 0 eng d | ||
| 020 | _a8170864763 | ||
| 040 | _cDLC | ||
| 082 |
_a261.83 _bT367F |
||
| 100 | _aThangiah, Paul | ||
| 245 |
_aFamily: _bHome Or Call Centre? _cRev. Paul Thangiah. |
||
| 260 |
_aBangalore, India : _bPassion India; Asian Trading Corporation, _cc2008. |
||
| 300 | _a203 p.: | ||
| 630 | _zIndia | ||
| 650 |
_aPatriarchy--Religious aspects--Christianity _xMarriage--Religious aspects--Christianity |
||
| 650 |
_aFamilies--Religious aspects--Christianity _xChristian life |
||
| 942 |
_2ddc _cBK |
||